000 00830nam a22002417a 4500
999 _c15381
_d15381
003 AR-CdUCM
008 190426b ||||| |||| 00| 0 spa d
020 _a978-968-16-5959-2
040 _aMUNICIPALIDAD PROVINCIAL DEL CUSCO
_cBIBLIOTECA MUNICIPAL DEL CUSCO
082 _aPI / 808.06 /
_bB26
100 _aBrowne, Anthony
_925011
245 _aLas pinturas de Willy /
260 _aMéxico D.F. :
_bFondo de cultura económica,
_c2000..
300 _a28 paginas ;
_bIlustraciones,
_c30 cm.
440 _aColección los especiales a la orilla del viento
_934338
500 _aTitulo original : Willy´s pictures
650 _aLiteratura infantil
_9588
650 _aLas pinturas
_934434
650 _aEl arte
_934435
700 _aEsteva, Carmen ( Traducción)
_934436
942 _2ddc
_cLIBROS
945 _awnts
_d2019-04-26